Úloha Svetovej rady pre rozvoj cestovania a cestovného ruchu vo formovaní rozvoja globálneho cestovného ruchu bakalárska práca

Gespeichert in:
Bibliographische Detailangaben
1. Verfasser: Prigancová, Michelle
Körperschaft: Fakulta medzinárodných vzťahov EU. Katedra medzinárodných ekonomických vzťahov a hospodárskej diplomacie
Weitere Verfasser: Dudáš, Tomáš, 1976-
Format: Buch
Sprache:Slowakisch
Veröffentlicht: Bratislava 2015
Tags: Tag hinzufügen
Keine Tags, Fügen Sie das erste Tag hinzu!

MARC

LEADER 00000nbm a2200000 4500
001 0202612
005 20161212100136.2
041 0 |a slo 
044 |a SK 
245 1 0 |a Úloha Svetovej rady pre rozvoj cestovania a cestovného ruchu vo formovaní rozvoja globálneho cestovného ruchu  |b bakalárska práca  |c Michelle Prigancová ; školiteľ: Tomáš Dudáš 
264 1 |a Bratislava  |c 2015 
300 |a 41 s. 
100 1 |a Prigancová, Michelle 
700 1 |a Dudáš, Tomáš, 1976- 
710 2 |a Fakulta medzinárodných vzťahov EU. Katedra medzinárodných ekonomických vzťahov a hospodárskej diplomacie